| 000 | 01288nam a2200373 i 4500 | ||
|---|---|---|---|
| 003 | CL-SaCFP | ||
| 005 | 20260212163631.0 | ||
| 007 | ta | ||
| 008 | 251008s2025 amc b 000 0dspa | ||
| 020 | _a9789566247845 | ||
| 040 | _cCL | ||
| 041 | 1 |
_aspa _heng |
|
| 082 | 0 | 4 |
_a573.2 H217 2025 _221 |
| 100 | 1 |
_aHamilton, James, _d1965- _eautor |
|
| 245 | 1 | 0 |
_aHomo exul : _bcómo el hombre perdió su naturaleza y conoció la violencia / _cJames Hamilton. |
| 246 | 3 | 0 | _aCómo el hombre perdió su naturaleza y conoció la violencia. |
| 250 | _aPrimera reimpresión en Chile: agosto de 2025. | ||
| 264 | 1 |
_aSantiago de Chile : _bPenguin Random House Grupo Editorial, S.A., _c2025. |
|
| 264 | 3 |
_aSantiago, Chile : _bA Impresores, _c2025. |
|
| 264 | 4 | _cc2025 | |
| 300 |
_a318 páginas ; _c23 cm. |
||
| 336 |
_atexto _btxt _2rdacontent |
||
| 337 |
_ano mediado _bn _2rdamedia |
||
| 338 |
_avolumen _bnc _2rdacarrier |
||
| 490 | 1 | _aDEBATE. Ciencia y Tecnología | |
| 504 | _aIncluye notas bibliográficas. | ||
| 650 | 7 | _aEvolución humana | |
| 650 | 7 | _aEvolución social | |
| 650 | 7 | _aOrigen del hombre | |
| 650 | 7 |
_aViolencia _xAspectos sociales |
|
| 830 | 0 |
_aDebate (Penguin Random House Grupo Editorial (Chile)). _pCiencia y Tecnología |
|
| 942 |
_2ddc _cLIBRO |
||
| 949 |
_ac _bn |
||
| 999 |
_c16328 _d16328 |
||